000 00634nam a2200205Ia 4500
003 GCL
008 140319s9999 xx 000 0 ara d
040 _aGCL /
_cGCL
082 0 4 _a844
_bك م
100 1 _aعبدالمنعم الحفنى
245 1 0 _aالمتمرد L HOMME REVOLTE /
_cعبدالمنعم الحفنى
700 1 _aكامى، البير
300 _a312 ص
490 _aالهيئة العامة للاستعلامات
_v0
650 0 4 _aالادب
650 0 4 _aالادب الفرنسى
650 0 4 _aالمقالات - مجموعات
650 0 4 _aالمقالة الفرنسية
942 _2ddc
_cBK
999 _c47407
_d47407